00318nam a2200133Ia 4500008004100000041000800041082001600049100001700065245001800082250000700100260003800107300003000145365000900175240624s9999 xx 000 0 und d aeng a332.645 BIG aBIGGS BARTON aHEDGE HOGGING a11 c2006aCanadabJohn Wiley and Sons axi, : 308 : p. : cm. ; 24 cb30